000 00292nam a22001337a 4500
008 170327b xxu||||| |||| 00| 0 eng d
020 _a9780120887897
041 _aeng
080 _24 ED
_a616.9
100 _a8
101 _aSHM
245 _aMOLECULARE VIROLOGY
_cCANN.A.J
942 _2udc
_cBK
999 _c8662
_d8662